| 000 | 01119cas a22003377a 4500 | ||
|---|---|---|---|
| 005 | 20220329142357.0 | ||
| 008 | 001017c mx mr pernn 0 b1spa d | ||
| 010 | _a82604 | ||
| 011 | _a83576 | ||
| 035 | _a94091 | ||
| 245 | 0 | 0 | _aMundo Ejecutivo |
| 260 | 0 |
_aMéxico, D. F. : _bGrupo Internacional Editorial, _c1979- |
|
| 300 | _av. | ||
| 310 | _aMensual | ||
| 362 | _aAño 20 n.253, 2000. | ||
| 590 |
_aBATCH-UPD _b10 _c20130110 _lUCH01 _h0524 |
||
| 590 |
_aBATCH-UPD _b10 _c20130410 _lUCH01 _h0203 |
||
| 590 |
_aBATCH-UPD _b10 _c20130914 _lUCH01 _h1232 |
||
| 590 |
_aCONVERSION _b10 _c20130109 _lUCH01 _h1346 |
||
| 650 | 1 | 4 |
_aEconomía _xPublicaciones periódicas. _935253 |
| 650 | 1 | 4 |
_aFinanzas _xPublicaciones periódicas. _940945 |
| 650 | 1 | 4 |
_aInversiones _xPublicaciones periódicas. _960186 |
| 650 | 1 | 4 |
_aNegocios _xPublicaciones periódicas. _980700 |
| 866 | _an.240,244-246 (1999) | ||
| 866 | _av.20 n.249-250,253 (2000) | ||
| 866 | _av.22 n.263 (2001) | ||
| 866 | _av.221 n.255-256 (2000) | ||
| 866 | _av.24 n.280,282 - (2002) | ||
| 901 | _aSE | ||
| 905 | _aLilia Sánchez G. | ||
| 999 |
_c82604 _d82604 |
||